000 00652nam a2200241Ia 4500
003 OSt
005 20220923213541.0
006 a|||||r|||| 00| 0
007 ta
008 220922b |||||||| |||| 00| 0 hin d
024 _a162,784
037 _cTextual
040 _aARTS
_cARTS
_bhin
041 _2hin
_ahin
082 _aO152,3M88,LQ, L2
100 _aचतुरसेन
_9156280
245 0 _aलाल किला
246 _aLāl kilā
260 _c1972
650 _aहिन्दी साहित्य
_9156264
942 _hO152,3M88,LQ, L2
_cTEXL
_2CC
999 _c317264
_d317264